000 00753nam a2200289Ia 4500
005 20260324121249.0
008 008 260324s9999 xx 000 0 eng d
020 _a9780429172434
037 _aEBOOK
040 _aCRL
040 _beng
040 _cCRL
041 _2eng
041 _aeng
084 _qCRL
100 _aNikolai A. Turovskij; Eli M. Pearce; Francois Kajzar; Omari V. Mukbaniani
_91161832
245 0 _aKey Engineering Materials, Volume 2
245 0 _bInterdisciplinary Concepts and Research
260 _bTaylor and Francis
260 _c2014
365 _a
365 _b320
856 _uhttp://www.taylorfrancis.com/books/9780429172434
942 _cEBOOK
999 _c1753828
_d1753828